000
00307nam a2200121Ia 4500
008
220204s9999 xx 000 0 und d
082
_a
025.4
_b
BOR
100
_a
Bernier, Charles L
245
0
_a
Indexing concepts and methods
260
_a
New York
_b
Academic
_c
1978
700
_a
Borko, Harold
942
_c
BK
999
_c
34420
_d
34420